000
00339nam a22001457a 4500
003
OSt
008
240130b |||||||| |||| 00| 0 eng d
020
_a
9788181592828
100
_a
GOPINATH,MN
245
_a
Banking Principles and Operations
250
_a
7th Ed
260
_a
Mumbai
_b
Showwhite
_c
2017
300
_a
804
942
_2
ddc
_c
BK
999
_c
12209
_d
12209